000 00343nam a22001337a 4500
020 _a9987-9041-1-4
082 _a658.1511
100 _aMaeda, S. J.
245 _aManagement Accounting Guide: For CPA Students
260 _aDar es Salaam:
_bNBAA,
_c2013
300 _axii, 401p.: ill.; 24 cm
500 _aInclude References
942 _cBK
999 _c22111
_d22111